Statistics for Languages of Countries of the World Quiz

Click here to take the quiz!

General Stats

  • This quiz has been taken 120 times
  • The average score is 16 of 24

Answer Stats

QUIZ TITLE LANGUAGE % Correct
Countries of the WorldEnglish
99%
Pays du MondeFrench (Français)
93%
Länder der WeltGerman (Deutsche)
90%
Landen van de WereldDutch (Nederlandse)
89%
Países del MundoSpanish (Español)
89%
Países do MundoPortuguese (Português)
89%
Paesi del MondoItalian (Italiano)
80%
Världens länderSwedish (Svenska)
77%
Verdens landeDanish (Danske)
69%
Maailman valtiotFinnish (Suomi)
69%
Verdens landNorwegian (Norsk - Bokmål)
68%
Státy světaCzech (Čeština)
67%
Państwa ŚwiataPolish (Polskie)
66%
Nước của thế giớiVietnamese (Tiếng Việt)
66%
Države svijetaCroatian (Hrvatski)
65%
A Világ Országai KvízHungarian (Magyarul)
64%
Maailma riigidEstonian (Eesti)
63%
Države svetaSerbian (Srpski jezik)
62%
Dünya ÜlkeleriTurkish (Türk)
62%
Països del MónCatalan (Català)
58%
Țări ale lumiiRomanian (Română)
46%
Mga Bansa ng MundoTagalog (Wikang Tagalog)
40%
Pasaulio šalysLithuanian (Lietuvių)
34%
Negara-Negara di DuniaIndonesian (Bahasa Indonesia)
34%

Score Distribution

Percentile by Number Answered

Percent of People with Each Score

Your Score History

You have not taken this quiz